United Nations, divided world : (Record no. 12992)
[ view plain ]
| 000 -LEADER | |
|---|---|
| fixed length control field | 01137pam a2200277 a 4500 |
| 001 - CONTROL NUMBER | |
| control field | 2422686 |
| 005 - DATE AND TIME OF LATEST TRANSACTION | |
| control field | 20060726215622.0 |
| 008 - FIXED-LENGTH DATA ELEMENTS--GENERAL INFORMATION | |
| fixed length control field | 870908s1988 enk b 001 0 eng |
| 010 ## - LIBRARY OF CONGRESS CONTROL NUMBER | |
| LC control number | 87024821 |
| 020 ## - INTERNATIONAL STANDARD BOOK NUMBER | |
| International Standard Book Number | 0198275447 : |
| Terms of availability | 22.50 |
| 040 ## - CATALOGING SOURCE | |
| Original cataloging agency | DLC |
| Transcribing agency | DLC |
| Modifying agency | DLC |
| 050 00 - LIBRARY OF CONGRESS CALL NUMBER | |
| Classification number | JX1977 |
| Item number | .U448 1988 |
| 082 00 - DEWEY DECIMAL CLASSIFICATION NUMBER | |
| Classification number | 341.23 |
| Edition number | 19 |
| Item number | ROC |
| 245 00 - TITLE STATEMENT | |
| Title | United Nations, divided world : |
| Remainder of title | the UN's roles in international relations / |
| Statement of responsibility, etc | edited by Adam Roberts and Benedict Kingsbury. |
| 260 ## - PUBLICATION, DISTRIBUTION, ETC. (IMPRINT) | |
| Place of publication, distribution, etc | Oxford : |
| Name of publisher, distributor, etc | Clarendon Press ; |
| Place of publication, distribution, etc | New York : |
| Name of publisher, distributor, etc | Oxford University Press, |
| Date of publication, distribution, etc | 1984. |
| 300 ## - PHYSICAL DESCRIPTION | |
| Extent | xii, 152p. ; |
| Dimensions | 23 cm. |
| 500 ## - GENERAL NOTE | |
| General note | Donated By Alaa AbdEl Ghany |
| 504 ## - BIBLIOGRAPHY, ETC. NOTE | |
| Bibliography, etc | Bibliography: p. [274]-278. |
| 610 20 - SUBJECT ADDED ENTRY--CORPORATE NAME | |
| Corporate name or jurisdiction name as entry element | United Nations. |
| 9 (RLIN) | 9685 |
| 650 #0 - SUBJECT ADDED ENTRY--TOPICAL TERM | |
| Topical term or geographic name as entry element | International relations. |
| 9 (RLIN) | 9686 |
| 700 1# - ADDED ENTRY--PERSONAL NAME | |
| Personal name | Roberts, Adam, |
| Dates associated with a name | 1940- |
| 9 (RLIN) | 9687 |
| 700 1# - ADDED ENTRY--PERSONAL NAME | |
| Personal name | Kingsbury, Benedict. |
| 9 (RLIN) | 9688 |
| 856 42 - ELECTRONIC LOCATION AND ACCESS | |
| Materials specified | Publisher description |
| Uniform Resource Identifier | <a href="http://www.loc.gov/catdir/enhancements/fy0636/87024821-d.html">http://www.loc.gov/catdir/enhancements/fy0636/87024821-d.html</a> |
| 942 ## - ADDED ENTRY ELEMENTS (KOHA) | |
| Source of classification or shelving scheme | Dewey Decimal Classification |
| Item type | Book - Borrowing |
| Withdrawn status | Item status | Source of classification or shelving scheme | Damaged status | Not for loan | Vendor | Home library | Current library | Shelving location | Date acquired | Source of acquisition | Total Checkouts | Total Renewals | Full call number | Barcode | Date last seen | Date last borrowed | Koha item type | Public note |
|---|---|---|---|---|---|---|---|---|---|---|---|---|---|---|---|---|---|---|
| Dewey Decimal Classification | Central Library | Central Library | First floor | 06/12/2009 | 5 | 16 | 341.23 ROC | 000019062 | 15/07/2025 | 15/04/2019 | Book - Borrowing | donated by Alaa AbdelGhaney |